Hot Career in Animation (Record no. 2217)

000 -LEADER
fixed length control field 00347nam a2200145Ia 4500
008 - FIXED-LENGTH DATA ELEMENTS--GENERAL INFORMATION
fixed length control field 180730s9999||||xx |||||||||||||| ||und||
020 ## - INTERNATIONAL STANDARD BOOK NUMBER
International Standard Book Number N/A
082 ## - DEWEY DECIMAL CLASSIFICATION NUMBER
Classification number 791.433
Item number SON/H
100 ## - MAIN ENTRY--PERSONAL NAME
Personal name Sonie, Subhash C.
245 #0 - TITLE STATEMENT
Title Hot Career in Animation
250 ## - EDITION STATEMENT
Edition statement 3rd Edition
260 ## - PUBLICATION, DISTRIBUTION, ETC.
Place of publication, distribution, etc. Delhi
Name of publisher, distributor, etc. Student Aid Pub.
Date of publication, distribution, etc. 2010
300 ## - PHYSICAL DESCRIPTION
Extent 163p.
942 ## - ADDED ENTRY ELEMENTS (KOHA)
Institution code [OBSOLETE] BK
Holdings
Withdrawn status Lost status Damaged status Not for loan Collection code Permanent Location Current Location Date acquired Cost, normal purchase price Full call number Barcode Date last seen Price effective from Koha item type
        School of Animation (Noida) MUIT-NOIDA MUIT-NOIDA 2018-07-30 90.00 791.433 SON/H ANM00266 2018-07-30 2018-07-30 Donated Books

All Rights Reserved@MUIT

Powered by Koha